00782cam a22002171 4500001001300000003000400013005001700017008004100034010001700075025001900092035002000111040002300131042001200154050002300166100002600189245021600215260005200431300003400483500003000517999001700547sa 64007498 DLC20260227112047.0860207s1963 io ac 000 0 ind  asa 64007498  aPL480:Indo-887 a(OCoLC)13118244 aDLCcKyUdKyUdDLC apremarc00aDS644b.2 1963.S940 aSoekarno,d1901-1970.10aIlmu pengetahuan sekadar alat mentjapai sesuatu.cAmanat pada upatjara pemberian gelar doctor kehormatan dalam ilmu pengetahuan kemasjarakatan oleh Universitas Indonesia pada tanggal 2 Pebruari 1963 di Djakarta. a[Djakarta]bDepartemen Peneranganc[cover 1963] a40 p.billus., ports.c24 cm. a"Penerbitan chusus, 253." c60295d60295